000 00673nam a2200241 i 4500
001 C2-0274776
003 PPAK
005 20180728003729.0
008 061004s2006 my a|||| ||||| | may d
020 _a9831242521
040 _aPPAK
_beng
_cPPAK
_erda
082 0 4 _a362.732
_223
090 0 0 _a362.732
_bLIL
_dG
100 0 _aLily Haslina Nasir,
_eauthor
245 1 0 _aSesuci kasih Norlina Alawi
264 1 _aShah Alam, Selangor :
_bAlaf 21 ,
_c2006
300 _a152 pages :
_bcolour illustrations ;
_c24 cm
336 _2rdacontent
_atext
337 _2rdamedia
_aunmediated
338 _2rdacarrier
_avolume
650 1 0 _aChild care - Malaysia.
942 _ddc
_cB
999 _c82509
_d82509